The teamNet factor (Бичлэгийн дугаар. 145789)
| 000 -УДИРДЛАГА | |
|---|---|
| Удирдлага | 01114nam a22003017a 4500 |
| 003 - ХЯНАЛТЫН ТОО ТОДОРХОЙЛОГЧ | |
| Код | MN-UlNUM |
| 005 - БИЧИЛТ ХИЙСЭН ОГНОО | |
| Тухайн бичилтийг бичсэн засварласан сүүлийн огноо | 20251128092000.0 |
| 008 - ЕРӨНХИЙ МЭДЭЭЛЭЛ | |
| Ерөнхий мэдээлэл | 251128s1993 vtua|b|| |||| 001 0 eng | |
| 020 ## - ISBN | |
| ISBN | 0939246341 |
| 040 ## - БИЧЛЭГ ҮҮСГЭГЧ БАЙГУУЛЛАГА | |
| Бичлэг үүсгэгч номын сангийн код | МУИС-ийн номын сан |
| 084 ## - ББК АНГИЛАЛ | |
| Нэмэлт тусгалт | Нэг сэдэвт бүтээл |
| ББК ангилал | 65.290-2 |
| Зохиогчийн гурван тэмдэгт | J 44 |
| Мэдлэгийн ялгаа | 65 - Эдийн засаг |
| 100 1# - ЗОХИОГЧ | |
| Зохиогчийн нэр | Lipnack, Jessica. |
| 245 14 - ҮНДСЭН ГАРЧИГ | |
| Номын нэр | The teamNet factor |
| Бага гарчгийн мэдээ | Bringing the power of boundary crossing into the heart of your business |
| Оролцогчдын тухай мэдээ | Jessica Lipnack & Jeffrey Stamps. |
| 260 ## - ГАРАЛТЫН МЭДЭЭ | |
| Хэвлэгдсэн газар | Essex Junction, VT |
| Хэвлэлийн газар | Oliver Wight Publications,, |
| Хэвлэгдсэн он | 1993. |
| 300 ## - МАТЕРИАЛЫН ТОДОРХОЙЛОЛТ | |
| хуудасны тоо | xxix, 414 p. : |
| Бусад тоон мэдээлэл | ill. ; |
| Хэмжээ | 24 cm. |
| 500 ## - Тайлбар | |
| Дансны дугаар | БС 4219 |
| 546 ## - ХЭЛНИЙ ТУХАЙ МЭДЭЭ | |
| Хэл | Англи хэл дээр, |
| 653 ## - Түлхүүр үг | |
| Түлхүүр үг | teams in the workplace. |
| 653 ## - Түлхүүр үг | |
| Түлхүүр үг | interorganizational relations. |
| 653 ## - Түлхүүр үг | |
| Түлхүүр үг | strategic alliances (Business) |
| 700 1# - ХАМ ЗОХИОГЧИД | |
| Ба бус | Stamps, Jeffrey. |
| 740 ## - НОМЫН ГАРЧИГ | |
| Гарчиг | Teamnets: The Great Competitive Advantage of Boundary Crossing |
| 740 ## - НОМЫН ГАРЧИГ | |
| Гарчиг | Seeing the Obvious: Five Teamnet Principles |
| 740 ## - НОМЫН ГАРЧИГ | |
| Гарчиг | Linoleum, Furniture, and Electrical Systems: Three Different Boundary Crossing Teamnets |
| 740 ## - НОМЫН ГАРЧИГ | |
| Гарчиг | In It Together: Crossing Boundaries in Groups |
| 942 ## - ЭЛЕМЕНТИЙН ТӨРӨЛ | |
| Зүйлийн төрөл | Ном |
